书目信息 |
| 题名: |
家居创意厨房
|
|
| 作者: | ;樊凡 译 ;美好家园 编 | |
| 分册: | ||
| 出版信息: | 北京 中国轻工业出版社 2011.01 |
|
| 页数: | 135页 | |
| 开本: | 28cm | |
| 丛书名: | ||
| 单 册: | ||
| 中图分类: | TU241-64 | |
| 科图分类: | ||
| 主题词: | 厨房--chu fang--室内设计--图集 | |
| 电子资源: | ||
| ISBN: | 978-7-5019-7827-4 | |
| 000 | 00763nam0 2200241 450 | |
| 001 | 1170852394 | |
| 005 | 20111110194153.07 | |
| 010 | @a978-7-5019-7827-4@dCNY38.00@z7-5019-7827-1 | |
| 100 | @a20101119d2011 em y0chiy50 ea | |
| 101 | 1 | @achi |
| 102 | @aCN@b110000 | |
| 105 | @aa z 000yy | |
| 200 | 1 | @a家居创意厨房@Ajia ju chuang yi chu fang@f美好家园编@g樊凡译 |
| 210 | @a北京@c中国轻工业出版社@d2011.01 | |
| 215 | @a135页@c彩图@d28cm | |
| 300 | @a黄金版 | |
| 330 | @a本书内容包括: 厨房新潮流 ; 巧妙规划 ; 流行材料 ; 风格收纳 ; 装饰绝活 ; 小小世界。 | |
| 606 | 0 | @a厨房@Achu fang@x室内设计@j图集 |
| 690 | @aTU241-64@v4 | |
| 702 | 0 | @a樊凡@Afan fan@4译 |
| 711 | 02 | @a美好家园@Amei hao jia yuan@4编 |
| 801 | 0 | @aCN@c20101119 |
| 905 | @dTU241-64@eF058 | |
| 家居创意厨房/美好家园编/樊凡译.-北京:中国轻工业出版社,2011.01 |
| 135页:彩图;28cm |
| 黄金版 |
| ISBN 978-7-5019-7827-4:CNY38.00 |
| 本书内容包括: 厨房新潮流 ; 巧妙规划 ; 流行材料 ; 风格收纳 ; 装饰绝活 ; 小小世界。 |
| ● |
| 相关链接 |
|
|
|
正题名:家居创意厨房
索取号:TU241-64/F058
 
预约/预借
| 序号 | 登录号 | 条形码 | 馆藏地/架位号 | 状态 | 备注 |
| 1 | 1221378 | 212213781 | 建筑库101/101建筑库 60排6列2层/ [索取号:TU241-64/F058] | 在馆 | |
| 2 | 1221379 | 212213790 | 建筑库101/101建筑库 60排6列2层/ [索取号:TU241-64/F058] | 在馆 | |
| 3 | 1221380 | 212213807 | 建筑库101/101建筑库 60排6列2层/ [索取号:TU241-64/F058] | 在馆 |